| 000 | 00656nam a2200241Ia 4500 | ||
|---|---|---|---|
| 003 | OSt | ||
| 005 | 20220928113647.0 | ||
| 006 | a|||||r|||| 00| 0 | ||
| 007 | ta | ||
| 008 | 220927b |||||||| |||| 00| 0 eng d | ||
| 024 | _a29173 | ||
| 037 | _cTextual | ||
| 040 |
_aSDCL _cSDCL _beng |
||
| 041 |
_2eng _aeng |
||
| 082 | _aG11:6, M3 | ||
| 100 |
_aSinha R P Ed. _9434328 |
||
| 245 | 0 | _aCurrent approaches in cytogenetics. | |
| 260 |
_aPatna _bSpectrum Publishing _c1983 |
||
| 300 |
_avii,263p+index _ccm. |
||
| 700 |
_a Sinha U Ed. _9434329 |
||
| 942 |
_hG11:6, M3 _cTEXL _2CC |
||
| 999 |
_c750674 _d750674 |
||